=LDR 00000nam 2200000 4500 =001 INLIS000000000036894 =005 20250319015851 =035 ##$$a 0010-061300000036894 =008 250319################d##########0#ind## =041 ##$$a Ind =082 ##$$a 028.5 =090 ##$$a 028.5, Edw k =100 ##$$a Edwards =245 1#$$a Ketika adikku yang nakal bersikap manis, Dorothy Edward =260 ##$$a Jakarta :$b PT. Gramedia Pustaka Utama,$c 2011 =300 ##$$a 96 hlm, : $b ilus ; $c 20 x 13,5 cm. =650 #4$$a Bacaan kanak-kanak =850 ##$$a NBPNMAT =020 ##$$a 978-979-22-7088 =084 ##$$a 028.5 EDW k =990 ##$$a 1201511556